[Event "AUTO-ELITE-923"]
[Site "http://www.queenalice.com/game.php?id=1096572"]
[Date "2012.8.26"]
[Round "2"]
[White "puddschini"]
[Black "Patrick_Vieira"]
[Result "1/2-1/2"]
[WhiteElo "2544"]
[BlackElo "2556"]

1. e4 c6 2. d4 d5 3. Nc3 dxe4 4. Nxe4 Bf5 5. Ng3 Bg6 6. h4 h6 7. Nf3 Nd7 8. h5
Bh7 9. Bd3 Bxd3 10. Qxd3 e6 11. Bf4 Ngf6 12. O-O-O Be7 13. Kb1 O-O 14. Ne4 Nxe4
15. Qxe4 Qa5 16. Rd3 Qd5 17. Qxd5 cxd5 18. Ne5 Nxe5 19. Bxe5 Rac8 20. Rb3 b6 21.
Rg3 f6 22. Bf4 Kf7 23. c3 Rc6 1/2-1/2

[Event "AUTO-ELITE-1048"]
[Site "http://www.queenalice.com/game.php?id=1102318"]
[Date "2012.9.12"]
[Round "1"]
[White "merth"]
[Black "Patrick_Vieira"]
[Result "1/2-1/2"]
[WhiteElo "2502"]
[BlackElo "2558"]

1. Nf3 Nf6 2. d4 d5 3. Bf4 c5 4. e3 Nc6 5. dxc5 e6 6. Bb5 Bxc5 7. O-O O-O 8. h3
Bd7 9. Nc3 a6 10. Be2 Qe7 11. a3 Rad8 12. Bc7 Rc8 13. Bh2 Rfd8 14. Bg3 Be8 15.
Nd4 Bb6 16. Bh4 h6 17. Rb1 Ba7 18. f4 b5 19. Bf3 Na5 20. Be2 Rc7 21. Bd3 Nc4 22.
Qe1 1/2-1/2

[Event "AUTO-ELITE-1048"]
[Site "http://www.queenalice.com/game.php?id=1102319"]
[Date "2012.9.12"]
[Round "1"]
[White "Patrick_Vieira"]
[Black "merth"]
[Result "1/2-1/2"]
[WhiteElo "2554"]
[BlackElo "2540"]

1. e4 e5 2. Nf3 Nc6 3. Bb5 Bd6 4. O-O Nge7 5. c3 a6 6. Be2 O-O 7. d4 Ng6 8. g3
Qe8 9. d5 Nd8 10. Be3 h6 11. h4 Ne7 12. Nfd2 f5 13. Nc4 Qg6 14. exf5 Nxf5 15.
Bh5 Qf6 16. Nbd2 b5 17. Ne4 Qe7 18. Ncxd6 Nxd6 19. Bg6 Nxe4 20. Bxe4 d6 21. a4
bxa4 22. Qxa4 Bh3 23. Rfe1 a5 24. b4 Bd7 25. Qc2 Nb7 26. Ra2 Qf7 27. Bg6 Qf3 28.
Rea1 Bf5 29. Bxf5 Qxf5 30. Qxf5 Rxf5 31. Kg2 Kh7 32. c4 Rf7 33. bxa5 Ra6 34. Ra3
Kg6 35. Bd2 Nc5 36. Bb4 Nd7 1/2-1/2

[Event "AUTO-ELITE-1048"]
[Site "http://www.queenalice.com/game.php?id=1102324"]
[Date "2012.9.12"]
[Round "1"]
[White "Patrick_Vieira"]
[Black "gero79"]
[Result "1-0"]
[WhiteElo "2556"]
[BlackElo "2420"]

1. d4 d5 2. c4 c6 3. e3 Nf6 4. Nc3 e6 5. Nf3 Nbd7 6. Bd3 dxc4 7. Bxc4 Bd6 8. e4
e5 9. dxe5 Nxe5 10. Nxe5 Bxe5 11. Qxd8+ Kxd8 12. Bxf7 Bxc3+ 13. bxc3 Nxe4 14.
O-O Nxc3 15. Re1 Rf8 16. Bg5+ Kc7 17. Re7+ Kd6 18. Rae1 b5 19. Bb3 Bf5 20. R7e5
Kc7 21. Be7 a5 22. Bxf8 Rxf8 23. R1e3 b4 24. Rxa5 Nb5 25. Re7+ Kb6 26. Ra4 c5
27. h4 Nc3 28. Raa7 Bd3 29. Rab7+ Ka6 30. f3 c4 31. Rxb4 Rc8 32. Bxc4+ Rxc4 33.
Rxc4 Bxc4 34. Rxg7 Bd3 35. Kf2 Kb6 36. f4 1-0

[Event "AUTO-ELITE-1048"]
[Site "http://www.queenalice.com/game.php?id=1102325"]
[Date "2012.9.12"]
[Round "1"]
[White "gero79"]
[Black "Patrick_Vieira"]
[Result "0-1"]
[WhiteElo "2425"]
[BlackElo "2554"]

1. d4 d5 2. c4 e6 3. Nc3 Nf6 4. e3 c6 5. Nf3 Nbd7 6. Bd3 dxc4 7. Bxc4 b5 8. Be2
Bb7 9. O-O b4 10. Na4 Be7 11. a3 a5 12. Qc2 O-O 13. Bd2 bxa3 14. bxa3 c5 15.
dxc5 Rc8 16. Qb3 Rb8 17. Qc2 Be4 18. Bd3 Bc6 19. Be2 Be4 20. Qc4 Bd5 21. Qc3 Rc8
22. Rac1 Nxc5 23. Nxc5 Rxc5 24. Qd4 Ne4 25. Rxc5 Bxc5 26. Qd3 Qa8 27. Rc1 a4 28.
Be1 Bd6 29. Qd4 Rb8 30. Bb4 Bxb4 31. axb4 a3 32. Bd3 a2 33. Ra1 Qa3 34. Bxe4
Rxb4 35. Qd2 Rxe4 36. Nd4 f5 37. h3 f4 38. exf4 Qa4 39. Nc2 Rxf4 40. Ne3 Rb4 41.
Qc1 Bb7 42. Kh2 h5 0-1

[Event "AUTO-ELITE-1055"]
[Site "http://www.queenalice.com/game.php?id=1106433"]
[Date "2012.9.25"]
[Round "1"]
[White "Chezzdevil"]
[Black "Patrick_Vieira"]
[Result "1/2-1/2"]
[WhiteElo "2514"]
[BlackElo "2537"]

1. d4 Nf6 2. c4 g6 3. Nc3 d5 4. cxd5 Nxd5 5. e4 Nxc3 6. bxc3 c5 7. Bc4 Bg7 8.
Ne2 cxd4 9. cxd4 Nc6 10. Be3 Qa5+ 11. Bd2 Qd8 12. Bc3 O-O 13. Rc1 Bd7 14. O-O
Rc8 15. Qb3 Qb6 16. Qd1 Na5 17. Bd3 Nc4 18. Qb3 Qxb3 19. axb3 Nd6 20. e5 Bb5 21.
Bxb5 Nxb5 22. Bb4 Rxc1 23. Rxc1 Re8 24. Rc4 e6 25. f4 f5 26. Nc3 Nxc3 27. Bxc3
Bh6 28. g3 g5 29. g4 fxg4 30. f5 exf5 31. d5 Bf8 32. Rc7 Rd8 33. d6 b6 34. Rxa7
f4 35. b4 h6 36. b5 h5 37. Rb7 h4 38. Rxb6 Kf7 39. Rb7+ Ke6 40. b6 Bxd6 41. exd6
Rxd6 42. Rg7 Rd1+ 43. Kf2 h3 44. Rxg5 g3+ 45. hxg3 h2 46. Rh5 fxg3+ 47. Kxg3
1/2-1/2

[Event "AUTO-ELITE-1055"]
[Site "http://www.queenalice.com/game.php?id=1106434"]
[Date "2012.9.25"]
[Round "1"]
[White "Patrick_Vieira"]
[Black "Chezzdevil"]
[Result "1/2-1/2"]
[WhiteElo "2525"]
[BlackElo "2521"]

1. Nc3 c5 2. e4 Nc6 3. Nf3 g6 4. d4 cxd4 5. Nxd4 Bg7 6. Be3 Nf6 7. Bc4 O-O 8.
Bb3 d6 9. f3 Bd7 10. Qd2 Nxd4 11. Bxd4 b5 12. h4 a5 13. a4 bxa4 14. Nxa4 e5 15.
Bb6 Qb8 16. Be3 d5 17. exd5 e4 18. O-O exf3 19. Rxf3 Ng4 20. Bf4 Qb4 21. Kh1 h5
22. Rff1 Ra6 23. Rfd1 Re8 24. d6 Be5 25. Qxb4 axb4 26. Rf1 Bd4 27. Bg3 Re3 28.
Rad1 Rxd6 29. Rxf7 Rxb3 30. Rxd7 Rxd7 31. cxb3 Rf7 32. Re1 Rf6 33. Rc1 Be3 34.
Re1 Kg7 35. Rb1 Rc6 36. Ra1 Rc2 37. Bd6 g5 38. Bxb4 gxh4 39. Bd6 Bd4 40. Bb8 Kf6
41. b4 Kg5 42. Nc5 Nf2+ 43. Kh2 Kf5 44. Rf1 Kg4 45. Ne6 Be3 46. Re1 Rxb2 47. Bd6
Bh6 48. Nd4 Bg7 49. Bc5 Bh6 50. Re8 Bf4+ 51. Kg1 Bg3 52. Kf1 Rb1+ 1/2-1/2

[Event "AUTO-ELITE-1055"]
[Site "http://www.queenalice.com/game.php?id=1106437"]
[Date "2012.9.25"]
[Round "1"]
[White "Kuarwaki"]
[Black "Patrick_Vieira"]
[Result "1-0"]
[WhiteElo "2634"]
[BlackElo "2553"]

1. d4 d5 2. c4 dxc4 3. e3 Nf6 4. Bxc4 e6 5. Nf3 c5 6. O-O a6 7. dxc5 Bxc5 8. Qe2
Nc6 9. a3 Bd6 10. Rd1 Qc7 11. b4 b5 12. Bb3 Bb7 13. Bb2 Ne5 14. Nbd2 O-O 15.
Rac1 Nxf3+ 16. Nxf3 Qe7 17. Ne5 Rac8 18. f3 Rc7 19. g3 Rfc8 20. Rxc7 Qxc7 21.
Nd3 Be7 22. Be5 Qc6 23. e4 Nd7 24. Bd4 Bf6 25. Bxf6 gxf6 26. Nf4 Kf8 27. Nh5 Ke8
28. Qd2 Ne5 29. Qh6 Qc3 30. Bxe6 fxe6 31. Nxf6+ Kf7 32. Ng4 Nxf3+ 33. Kg2 Nd2
34. Rxd2 Bxe4+ 35. Kh3 Bf5 36. Kh4 Bxg4 37. Qxh7+ Kf8 38. Qh6+ Qg7 39. Qxg7+
Kxg7 40. Kxg4 Rc3 41. Rd6 Rxa3 42. Kg5 Kf7 43. Rd7+ Kf8 44. Ra7 Rf3 45. Rxa6 Ke7
46. Rb6 Rf5+ 47. Kh4 Re5 48. g4 Kf6 49. h3 Kg6 50. Kg3 1-0

[Event "AUTO-ELITE-1055"]
[Site "http://www.queenalice.com/game.php?id=1106438"]
[Date "2012.9.25"]
[Round "1"]
[White "Patrick_Vieira"]
[Black "Kuarwaki"]
[Result "0-1"]
[WhiteElo "2561"]
[BlackElo "2598"]

1. e4 c5 2. Nf3 Nc6 3. d4 cxd4 4. Nxd4 e5 5. Nb5 d6 6. N1c3 a6 7. Na3 Rb8 8. Nd5
Nce7 9. Nb6 Be6 10. Nac4 Nc8 11. Nd5 Bxd5 12. exd5 f5 13. Bd3 g6 14. O-O Nf6 15.
a4 Ne7 16. c3 Bg7 17. a5 O-O 18. Qb3 f4 19. Rd1 Nc8 20. Bf1 Kh8 21. f3 Qc7 22.
Kh1 Qf7 23. Ra4 g5 24. Nd2 g4 25. Rb4 gxf3 26. gxf3 b5 27. axb6 Ne7 28. c4 Nf5
29. Bh3 Ne3 30. Nf1 Qh5 31. Nxe3 Qxh3 0-1

[Event "AUTO-ELITE-939"]
[Site "http://www.queenalice.com/game.php?id=1113267"]
[Date "2012.10.17"]
[Round "2"]
[White "Suso71"]
[Black "Patrick_Vieira"]
[Result "1-0"]
[WhiteElo "2674"]
[BlackElo "2531"]

1. d4 Nf6 2. c4 e6 3. Nf3 Bb4+ 4. Bd2 Bxd2+ 5. Qxd2 d5 6. e3 O-O 7. Nc3 Qe7 8.
Rd1 Rd8 9. Qc2 Nbd7 10. cxd5 exd5 11. Bd3 c5 12. O-O b6 13. e4 c4 14. e5 cxd3
15. exf6 Nxf6 16. Qxd3 Bg4 17. a3 Qb7 18. Rfe1 Rac8 19. Re5 Bxf3 20. Qxf3 b5 21.
g4 b4 22. axb4 Qxb4 23. Qe2 h6 24. h4 Qc4 25. Qxc4 dxc4 26. f3 Rc7 27. Kf2 Rcd7
28. Ke3 Nd5+ 29. Rxd5 Rxd5 30. Nxd5 Rxd5 31. Rc1 Rb5 32. Rxc4 g6 33. b4 Kf8 34.
Ke4 Rb6 35. d5 1-0

[Event "AUTO-ELITE-939"]
[Site "http://www.queenalice.com/game.php?id=1113268"]
[Date "2012.10.17"]
[Round "2"]
[White "Patrick_Vieira"]
[Black "Suso71"]
[Result "0-1"]
[WhiteElo "2559"]
[BlackElo "2656"]

1. Nc3 d5 2. e4 d4 3. Nce2 e5 4. Ng3 Be6 5. Nf3 f6 6. Bb5+ c6 7. Be2 Qd7 8. O-O
c5 9. b3 g6 10. a4 Nc6 11. a5 Be7 12. d3 Bd6 13. h4 Bc7 14. Bd2 h5 15. Qc1 Kf7
16. c4 Kg7 17. Ne1 Rb8 18. Nc2 b5 19. axb6 Rxb6 20. Qa3 Nge7 21. f4 Bd6 22. f5
gxf5 23. Nxh5+ Kg6 24. g4 f4 25. Kf2 Nc8 26. Bf3 Be7 0-1

[Event "AUTO-OPEN-2601"]
[Site "http://www.queenalice.com/game.php?id=1120747"]
[Date "2012.11.10"]
[Round "2"]
[White "Patrick_Vieira"]
[Black "spitty"]
[Result "0-1"]
[WhiteElo "2547"]
[BlackElo "2449"]

1. d4 Nf6 2. c4 e6 3. Nf3 Be7 4. Nc3 d5 5. Bg5 O-O 6. e3 h6 7. Bh4 Nbd7 8. Rc1
c6 9. a3 a5 10. cxd5 exd5 11. Bd3 b5 12. O-O Bb7 13. Qc2 b4 14. Na4 bxa3 15.
bxa3 Bxa3 16. Rb1 Qb8 17. Ne5 Nxe5 18. dxe5 Nd7 19. f4 Qa7 20. Rf3 Rfb8 21. Bf2
Be7 22. e4 c5 23. Rxb7 Qxb7 24. exd5 Qxd5 25. Be4 Qe6 26. Bxa8 Rxa8 27. Re3 g6
28. Rd3 Rb8 29. Rd2 Rb4 30. Qd1 Rb7 31. Rc2 Qf5 32. Nc3 Qxf4 33. e6 Nf6 0-1

[Event "AUTO-OPEN-2601"]
[Site "http://www.queenalice.com/game.php?id=1120748"]
[Date "2012.11.10"]
[Round "2"]
[White "spitty"]
[Black "Patrick_Vieira"]
[Result "1/2-1/2"]
[WhiteElo "2461"]
[BlackElo "2526"]

1. e4 e5 2. Nf3 Nc6 3. Bc4 Bc5 4. b4 Bxb4 5. c3 Ba5 6. d4 exd4 7. O-O Nf6 8. e5
d5 9. exf6 dxc4 10. fxg7 Rg8 11. Bg5 Qd5 12. Re1+ Be6 13. Nbd2 Rxg7 14. Ne4 Kf8
15. Bh6 Bg4 16. Rb1 Qh5 17. Qc1 Bxf3 18. Qa3+ Bb4 19. Bxg7+ Kxg7 20. cxb4 Bxe4
21. Rxe4 b5 22. Qg3+ Kh8 23. Qxc7 Qg6 24. Rbe1 c3 25. g3 c2 26. Qf4 d3 27. Qd2
Rc8 28. Kg2 Qd6 29. Qg5 Rg8 30. Re8 Qg6 31. Qc5 Qf6 32. Rxg8+ Kxg8 33. Re3 Nxb4
34. Re8+ Kg7 35. Re4 Qc6 36. Qg5+ Qg6 37. Qe5+ Kg8 38. Qe8+ 1/2-1/2

[Event "AUTO-OPEN-2606"]
[Site "http://www.queenalice.com/game.php?id=1120752"]
[Date "2012.11.10"]
[Round "3"]
[White "Patrick_Vieira"]
[Black "R0ni"]
[Result "1-0"]
[WhiteElo "2525"]
[BlackElo "2659"]

1. Nf3 d5 2. g3 Nf6 3. Bg2 c6 4. O-O Bg4 5. d3 Nbd7 6. Nbd2 e5 7. e4 dxe4 8.
dxe4 Qc7 9. h3 Bh5 10. Qe2 h6 11. a4 Be7 12. g4 Bg6 13. Nh4 Bh7 14. Nf5 Bxf5 15.
exf5 O-O 16. Nc4 Rfe8 17. h4 Nd5 18. g5 hxg5 19. hxg5 Bc5 20. Nd2 Nf4 21. Qg4
Rad8 22. Ne4 Bf8 23. Qh4 Bb4 24. c3 Be7 25. Bxf4 exf4 26. f6 Bf8 27. g6 fxg6 28.
f7+ Kxf7 29. Ng5+ Kf6 30. Rae1 Qb8 31. Bh3 Nc5 32. b4 Re5 33. Nh7+ Kf7 34. Rxe5
Qxe5 35. Qxd8 Be7 36. Qc8 Ne6 37. Rd1 f3 38. Bxe6+ Qxe6 39. Qxe6+ Kxe6 40. Rd3
b6 41. Rxf3 Bf6 42. Re3+ Kd5 43. Nxf6+ gxf6 44. Re7 Kc4 45. Rxa7 1-0

[Event "AUTO-OPEN-2606"]
[Site "http://www.queenalice.com/game.php?id=1120753"]
[Date "2012.11.10"]
[Round "3"]
[White "R0ni"]
[Black "Patrick_Vieira"]
[Result "0-1"]
[WhiteElo "2655"]
[BlackElo "2536"]

1. e4 c5 2. c3 d5 3. exd5 Qxd5 4. d4 Nf6 5. Nf3 e6 6. Na3 Nc6 7. Nb5 Qd8 8. dxc5
Bxc5 9. Qxd8+ Kxd8 10. Bg5 Ke7 11. Nd2 a6 12. Ne4 axb5 13. Nxc5 b4 14. Bb5 bxc3
15. bxc3 Kd6 16. Nb3 e5 17. Bxf6 gxf6 18. O-O Ra3 19. Rad1+ Ke7 20. Rd2 Be6 21.
Rb1 Rc8 22. Bd3 b6 23. f4 Na5 24. Nxa5 bxa5 25. Bxh7 exf4 26. Rb7+ Kf8 27. Bb1
Rcxc3 28. Rb8+ Kg7 29. Kf2 Rc1 30. Rdd8 f5 31. Rg8+ Kf6 32. Rb6 Ra4 33. Ke2 Rb4
34. Rxb4 axb4 35. Bd3 Ra1 36. Kf3 Ke5 37. Re8 Kd4 38. Be2 Rxa2 39. Bd1 b3 40.
Rd8+ Ke5 41. Bxb3 Bxb3 42. Re8+ Be6 43. h3 Ra3+ 44. Kf2 Ke4 45. Rb8 Ra2+ 46. Kg1
f3 47. Rb4+ Ke3 0-1

[Event "sical-2"]
[Site "http://www.queenalice.com/game.php?id=1143213"]
[Date "2013.1.21"]
[Round "3"]
[White "Chandra"]
[Black "Patrick_Vieira"]
[Result "1-0"]
[WhiteElo "2616"]
[BlackElo "2537"]

1. c4 c6 2. d4 Nf6 3. Nf3 d5 4. e3 a6 5. Bd3 Bg4 6. h3 Bh5 7. Nbd2 Nbd7 8. O-O
e6 9. b3 Bb4 10. Qc2 O-O 11. a3 Bxd2 12. Nxd2 Rc8 13. a4 c5 14. Ba3 Re8 15. Rfe1
cxd4 16. exd4 Nb8 17. Rac1 Qb6 18. Qc3 Qd8 19. Qb2 Bg6 20. Bf1 Ne4 21. Nxe4 Bxe4
22. b4 Qg5 23. b5 f5 24. c5 axb5 25. axb5 f4 26. Qd2 h6 27. Rc3 Qf6 28. f3 Bg6
29. Bb2 1-0

[Event "AUTO-ELITE-1048"]
[Site "http://www.queenalice.com/game.php?id=1177446"]
[Date "2013.5.2"]
[Round "2"]
[White "yoda77"]
[Black "Patrick_Vieira"]
[Result "0-1"]
[WhiteElo "2272"]
[BlackElo "2564"]

1. e4 c5 2. c3 Nf6 3. e5 Nd5 4. Nf3 Nc6 5. Bc4 Nb6 6. Be2 d6 7. d4 cxd4 8. cxd4
dxe5 9. dxe5 Qxd1+ 10. Bxd1 g6 11. O-O Bg7 12. Nc3 Bg4 13. Re1 O-O-O 14. Ng5
Bxd1 15. Nxd1 Nxe5 16. Be3 Rd6 17. Bf4 Nd3 18. Bxd6 Nxe1 0-1

[Event "AUTO-ELITE-1048"]
[Site "http://www.queenalice.com/game.php?id=1177447"]
[Date "2013.5.2"]
[Round "2"]
[White "Patrick_Vieira"]
[Black "yoda77"]
[Result "1-0"]
[WhiteElo "2561"]
[BlackElo "2292"]

1. e4 e5 2. Nf3 Nc6 3. Bc4 Nf6 4. Nc3 Bc5 5. d3 d6 6. Bg5 h6 7. Bxf6 Qxf6 8. Nd5
Qd8 9. c3 Ne7 10. Ne3 O-O 11. O-O Bxe3 12. fxe3 Bg4 13. h3 Bh5 14. g4 Bg6 15.
Nh4 c6 16. Nxg6 Nxg6 17. Qf3 Kh7 18. Qf5 d5 19. exd5 1-0

[Event "AUTO-ELITE-1048"]
[Site "http://www.queenalice.com/game.php?id=1177449"]
[Date "2013.5.2"]
[Round "2"]
[White "Patrick_Vieira"]
[Black "merth"]
[Result "1/2-1/2"]
[WhiteElo "2566"]
[BlackElo "2545"]

1. c4 e5 2. Nc3 Nc6 3. g3 Bc5 4. Bg2 Nf6 5. e3 O-O 6. Nge2 d6 7. h3 Bf5 8. O-O
Bd3 9. b3 Qd7 10. Bb2 Rae8 11. Na4 Ne4 12. Kh2 f5 13. f4 Bb6 14. Rg1 Rf6 15. Nc1
Nb4 16. Nxd3 Nxd3 17. Qc2 Nxb2 18. Qxb2 Rh6 19. Nxb6 axb6 20. a4 d5 21. cxd5
Qxd5 22. fxe5 Qxe5 23. Qxe5 Rxe5 24. d4 Re7 25. Rgf1 Rf6 26. b4 g6 27. Rfc1 Rfe6
28. a5 Kf7 29. g4 fxg4 30. hxg4 bxa5 31. bxa5 c6 32. a6 bxa6 33. Rxa6 Nf6 34. g5
1/2-1/2